00669nam a2200229 a 4500001001300000003000900013005001700022008004100039020002300080082001600103100001600119245002300135260004600158300000900204500003500213650002600248700001600274902000800290942000700298952011700305999001700422nice12345678IN_TiNIC20260116014657.0090707s2008 chaa grp 000 0 eng  a9788182471887c49500a923.2bGAN7 aGandhi, M K aIndia of My Dreams aChandigarh bAbhishek Publications c2008 a254p aincludes index and biblioraphy aGandhi M K-Philosophy1 aGandhi, M K bSRS cBK 001040708StackRoom-aHMIbHMId2009-07-07g495.00l0o923.2 GAN7p022771r2009-07-07v495.00w2009-07-07yBK c16432d16432